Countries That Visit Russia The Most - Statistics

General Stats
  • This quiz has been taken 114 times
  • The average score is 13 of 15
Answer Stats
# Visits Country % Correct
9,737,405 Ukraine
99%
1,565,524 China
98%
4,686,059 Kazakhstan
90%
1,056,013 Poland
88%
1,376,646 Finland
87%
613,370 Germany
85%
433,926 Estonia
84%
833,577 Armenia
83%
2,116,480 Uzbekistan
83%
1,156,703 Azerbaijan
82%
360,603 Latvia
81%
1,293,270 Tajikistan
81%
792,042 Kyrgyzstan
76%
542,196 Mongolia
72%
699,112 Moldova
62%
No matching quizzes found
Score Distribution
Percent of People with Each Score
Percentile by Number Answered
Your Score History
You have not taken this quiz